[Event "Mechanics' Winter TNM; G/2"]
[Site "San Francisco"]
[Date "2017.01.24"]
[Round "4.13"]
[White "Mays, Jerry"]
[Black "Viswanath Natraj, Ganesh"]
[Result "0-1"]
[WhiteElo "1804"]
[BlackElo "2137"]
[PlyCount "94"]
[EventDate "2017.??.??"]

1. e4 c5 2. Nf3 d6 3. d4 cxd4 4. Nxd4 Nf6 5. Nc3 Nc6 6. Bc4 e6 7. Bb3 Be7 8.
O-O O-O 9. Kh1 a6 10. f4 Nxd4 11. Qxd4 b5 12. a3 Bb7 13. f5 e5 14. Qd3 Rc8 15.
Bd5 Bxd5 16. Nxd5 Nxd5 17. exd5 Qc7 18. c3 Qc4 19. Qxc4 Rxc4 20. h3 h5 21. g3
Rc5 22. Rd1 g6 23. Be3 Rc4 24. Rf1 Kg7 25. h4 f6 26. Rf2 g5 27. hxg5 fxg5 28.
Raf1 Rg4 29. Kh2 h4 30. gxh4 Rh8 31. Rg2 Rhxh4+ 32. Kg1 a5 33. Rxg4 Rxg4+ 34.
Kh2 Kf6 35. Kh3 Re4 36. Bb6 a4 37. Rf2 Rf4 38. Rxf4 gxf4 39. Kg4 Bf8 40. Bd8+
Kf7 41. Bb6 Bh6 42. Kh5 Kg7 43. Kg4 e4 44. Bd4+ Kf7 45. f6 f3 46. Kh5 e3 47.
Kxh6 f2 0-1

[Event "Mechanics' Summer TNM; G/2 d5"]
[Site "San Francisco"]
[Date "2017.06.06"]
[Round "3.27"]
[White "Mays, Jerry L"]
[Black "Abraham, Michael D"]
[Result "1-0"]
[WhiteElo "1790"]
[BlackElo "1499"]
[PlyCount "37"]
[EventDate "2017.??.??"]

1. e4 c5 2. Nf3 d6 3. d4 cxd4 4. Nxd4 Nf6 5. Nc3 a6 6. Bc4 e6 7. Bb3 Be7 8. O-O
O-O 9. f4 e5 10. fxe5 dxe5 11. Nf5 Bc5+ 12. Kh1 Qxd1 13. Nxd1 Nxe4 14. Be3 Bxe3
15. Ndxe3 Nd2 16. Ne7+ Kh8 17. Rxf7 Nd7 18. Rxf8+ Nxf8 19. Rd1 1-0

[Event "Mechanics' Spring TNM; G/2"]
[Site "San Francisco"]
[Date "2017.04.25"]
[Round "7.22"]
[White "Mays, Jerry L"]
[Black "Brown, Nicholas M"]
[Result "1-0"]
[WhiteElo "1804"]
[BlackElo "1528"]
[PlyCount "107"]
[EventDate "2017.??.??"]

1. e4 c6 2. d4 d5 3. Nc3 dxe4 4. Nxe4 Nd7 5. Bc4 e6 6. Nf3 Ngf6 7. Ng3 Be7 8.
O-O O-O 9. Re1 b5 10. Bb3 Bb7 11. Qe2 a6 12. c3 c5 13. Ng5 Nd5 14. Nxe6 fxe6
15. Qxe6+ Rf7 16. Bxd5 Bxd5 17. Qxd5 Nf6 18. Qxd8+ Rxd8 19. Bg5 cxd4 20. cxd4
Rxd4 21. Nf5 Rd7 22. Rxe7 Rfxe7 23. Nxe7+ Rxe7 24. Bxf6 gxf6 25. Kf1 Rc7 26. a4
Rc2 27. axb5 axb5 28. Rb1 b4 29. b3 Kf7 30. Ke1 Ke6 31. Kf1 Ke5 32. Re1+ Kd4
33. Re6 Kc3 34. Rxf6 Kxb3 35. Rh6 Kb2 36. Rxh7 b3 37. g3 Kc1 38. Rb7 b2 39. Kg2
b1=Q 40. Rxb1+ Kxb1 41. h4 Kc1 42. g4 Kd1 43. Kg3 Rc3+ 44. f3 Ke2 45. g5 Rxf3+
46. Kg4 Ke3 47. g6 Rf1 48. Kg5 Rg1+ 49. Kf5 Kf3 50. h5 Kg3 51. g7 Kh4 52. h6
Rg5+ 53. Kf6 Kh5 54. h7 1-0

[Event "Mechanics' Fall TNM; G/2 d5"]
[Site "San Francisco"]
[Date "2017.12.12"]
[Round "8.23"]
[White "Mays, Jerry L"]
[Black "Chen, Bryant Alan"]
[Result "1-0"]
[WhiteElo "1700"]
[BlackElo "1603"]
[PlyCount "41"]
[EventDate "2017.??.??"]

1. e4 e5 2. Nf3 Nc6 3. Bb5 Nf6 4. O-O Bc5 5. c3 Nxe4 6. d4 exd4 7. cxd4 Be7 8.
d5 a6 $2 {Diagram [#]} 9. Bd3 $1 Nxf2 10. Kxf2 Bc5+ 11. Be3 Bxe3+ 12. Kxe3 Qe7+
13. Kd2 Qb4+ 14. Kc1 Ne7 15. Nc3 Qc5 16. Bc2 O-O 17. Qd4 d6 18. Bxh7+ Kxh7 19.
Qh4+ Kg8 20. Ng5 Qe3+ 21. Kc2 1-0

[Event "Mechanics' Fall TNM; G/2 d5"]
[Site "San Francisco"]
[Date "2017.10.31"]
[Round "2.15"]
[White "Mays, Jerry L"]
[Black "Cheng, Alfonso"]
[Result "0-1"]
[WhiteElo "1700"]
[BlackElo "1952"]
[PlyCount "74"]
[EventDate "2017.??.??"]

1. d4 d5 2. c4 e6 3. Nf3 Nf6 4. Nc3 Be7 5. g3 c6 6. Bg2 dxc4 7. O-O Nbd7 8. a3
a5 9. e4 Ra6 10. Qe2 b5 11. Bg5 h6 12. Bxf6 Nxf6 13. Rfd1 Qb6 14. d5 cxd5 15.
exd5 Nxd5 16. Rxd5 exd5 17. Nxd5 Qc5 18. Qe5 Kf8 19. Nxe7 Qxe5 20. Nxe5 Kxe7
21. Re1 Kf6 22. f4 g6 23. g4 Re8 24. Kf2 Kg7 25. Be4 f6 26. Bxg6 Rxe5 27. fxe5
Kxg6 28. exf6 Rxf6+ 29. Kg3 Re6 30. Rd1 Re3+ 31. Kf4 Rd3 32. Re1 Rd4+ 33. Ke5
Rxg4 34. Kd5 Rg2 35. Re8 Bb7+ 36. Kc5 Rxb2 37. Rb8 c3 0-1

[Event "Mechanics' Spring TNM; G/2"]
[Site "San Francisco"]
[Date "2017.03.14"]
[Round "1.31"]
[White "Mays, Jerry L"]
[Black "Cowgill, Jackie"]
[Result "1-0"]
[WhiteElo "1804"]
[BlackElo "937"]
[PlyCount "63"]
[EventDate "2017.??.??"]

1. e4 e5 2. Nf3 Nc6 3. Bb5 a6 4. Ba4 Nf6 5. O-O Be7 6. Re1 b5 7. Bb3 O-O 8. c3
d6 9. d4 Na5 10. Bc2 Bd7 11. dxe5 dxe5 12. Nxe5 Bd6 13. Nxd7 Nxd7 14. f4 Qh4
15. g3 Qh6 16. b4 Nc4 17. e5 Rad8 18. exd6 Nxd6 19. Be3 Nf6 20. Qf3 Qh3 21. Nd2
Nc4 22. Nxc4 bxc4 23. Bd4 Qg4 24. Qxg4 Nxg4 25. h3 Nh6 26. g4 f5 27. g5 Nf7 28.
Re7 g6 29. Rae1 a5 30. a3 axb4 31. axb4 Ra8 32. Rxc7 1-0

[Event "Mechanics' Peter Grey TNM; G/2 d5"]
[Site "San Francisco"]
[Date "2017.08.15"]
[Round "2.21"]
[White "Mays, Jerry L"]
[Black "Gaffagan, Steven"]
[Result "1/2-1/2"]
[WhiteElo "1741"]
[BlackElo "2090"]
[Annotator "Donaldson"]
[PlyCount "85"]
[EventDate "2017.??.??"]

1. e4 c5 2. Nf3 d6 3. d4 cxd4 4. Nxd4 Nf6 5. Nc3 a6 6. Bc4 e6 7. Be3 Be7 8. Bb3
O-O 9. g4 d5 10. Qe2 Bb4 11. O-O-O Bxc3 12. bxc3 Nxe4 13. Kb2 Qa5 14. Bd2 b5
15. a3 Bb7 16. f3 Nxd2 17. Rxd2 Nd7 18. f4 Nc5 19. f5 Ne4 20. Rd3 e5 21. Nf3
Rac8 22. Qe1 Rfe8 23. Re3 Rc4 24. g5 Rxc3 25. g6 Rxb3+ 26. cxb3 Qxe1 27. Rhxe1
hxg6 28. fxg6 fxg6 29. Nh4 Kh7 30. Rg1 g5 31. Nf3 d4 $2 32. Rxe4 Bxe4 33. Nxg5+
Kh6 34. Nxe4 Rf8 35. Rg5 Rf2+ 36. Nxf2 Kxg5 37. Kc2 Kf4 38. Kd3 g5 39. h3 Kf3
40. Ne4 Kf4 41. Nf2 $2 (41. a4 bxa4 42. bxa4 a5 {otherwise a5 and Nc5 by White)
} 43. Nd6 Kg3 44. Nc4 {winning.}) 41... Kf3 42. Ne4 Kf4 43. Nf2 1/2-1/2

[Event "Mechanics' Peter Grey TNM; G/2 d5"]
[Site "San Francisco"]
[Date "2017.09.19"]
[Round "7.22"]
[White "Mays, Jerry L"]
[Black "Greene, Sam"]
[Result "0-1"]
[WhiteElo "1741"]
[BlackElo "1507"]
[Annotator "Donaldson"]
[PlyCount "58"]
[EventDate "2017.??.??"]

1. e4 c5 2. Nf3 d6 3. d4 cxd4 4. Nxd4 Nf6 5. Nc3 a6 6. Bc4 Nbd7 7. Bb3 (7. O-O
g6) 7... Nc5 8. Qe2 Qc7 9. Nd5 Nxd5 10. Bxd5 (10. exd5 g6) 10... e6 11. Bb3 Be7
12. O-O b5 13. f4 Bb7 14. f5 e5 15. Bxf7+ Kxf7 16. Ne6 Nxe6 17. Qh5+ g6 18.
fxg6+ Ke8 19. g7+ Kd7 20. gxh8=Q Rxh8 21. Rf7 Bxe4 $2 {Diagram [#]} (21... Qc5+
22. Kh1 Qc4 $19) 22. Rxe7+ $1 Kxe7 23. Qh4+ Kd7 24. Qxe4 Qc4 25. Qb7+ Nc7 26.
Be3 (26. Qf3) 26... Rf8 (26... Qd5 27. Qxd5 Nxd5 $17) 27. Rd1 (27. Re1 $2)
27... Qe2 $1 28. Rxd6+ Kxd6 29. Bc5+ Kd7 0-1

[Event "Mechanics' Summer TNM; G/2 d5"]
[Site "San Francisco"]
[Date "2017.07.11"]
[Round "7.15"]
[White "Mays, Jerry L"]
[Black "Krasnov, Steven"]
[Result "0-1"]
[WhiteElo "1790"]
[BlackElo "2052"]
[Annotator "Donaldson"]
[PlyCount "101"]
[EventDate "2017.??.??"]

1. e4 c5 2. Nf3 d6 3. d4 cxd4 4. Nxd4 Nf6 5. Nc3 g6 6. Bc4 Bg7 7. O-O a6 8. Bb3
O-O 9. f3 Bd7 10. Be3 b5 11. Nd5 Nc6 12. Nxc6 Bxc6 13. Bb6 Qd7 14. Nxf6+ Bxf6
15. Bd4 Bg5 16. f4 Bh6 17. Qe2 Qb7 18. Rae1 Rae8 19. f5 Bg7 20. c3 a5 21. a3 b4
22. Bc4 bxc3 23. bxc3 d5 $2 24. Bxg7 Kxg7 25. exd5 Bd7 26. fxg6 hxg6 27. Ba2 (
27. Qf2 $1 f6 28. Qc5 Qc8 29. Qd4 Qc7 30. Rf3 Qd6 31. Rfe3 Qxa3 32. Qa7 Qd6 33.
Bb5 Bxb5 34. Rxe7+ Rxe7 35. Rxe7+ $18) 27... Qc7 28. Qe3 f6 29. Qd4 Qd6 30. Bc4
Rh8 31. Qf4 Qxa3 32. Qc7 Qd6 33. Qxd6 exd6 34. Rb1 Rb8 35. Ba6 a4 36. Bb7 Rh4
37. Bc6 Rxb1 38. Rxb1 Bxc6 39. dxc6 Rc4 40. Rb7+ Kh6 41. c7 Rxc3 42. Ra7 a3 43.
Kf2 Rc2+ 44. Kf3 a2 45. Rxa2 Rxc7 46. Rd2 Rc6 47. Ke4 Kg5 48. Kd5 Ra6 49. Ke6
f5 50. g3 Kg4 {Diagram [#]} 51. Rxd6 $4 (51. Rd4+ Kh3 52. Rh4+ Kg2 53. Rh8 $11)
0-1

[Event "Mechanics' Fall TNM; G/2 d5"]
[Site "San Francisco"]
[Date "2017.11.21"]
[Round "5.9"]
[White "Mays, Jerry L"]
[Black "Lee, Grant"]
[Result "0-1"]
[WhiteElo "1700"]
[BlackElo "1991"]
[PlyCount "90"]
[EventDate "2017.??.??"]

1. d4 Nf6 2. c4 e6 3. Nc3 Bb4 4. a3 Bxc3+ 5. bxc3 d6 6. g3 O-O 7. Bg2 c5 8. e4
Nc6 9. Ne2 e5 10. Bg5 b6 11. O-O Ba6 12. f4 Bxc4 13. fxe5 dxe5 14. Rxf6 gxf6
15. Bh6 Re8 16. Nf4 Kh8 17. Nh5 Rg8 18. d5 Na5 19. Bh3 Rg6 20. Be3 Nb7 21. Bf5
Nd6 22. Qa4 Bd3 23. g4 Nxf5 24. exf5 Bxf5 25. g5 Qxd5 26. Ng3 Bh3 27. Qe4 Qxe4
28. Nxe4 fxg5 29. Kf2 h6 30. Kg3 Bd7 31. Rd1 Bc6 32. Nd6 Kg7 33. Nc4 Re6 34. h4
f5 35. Bc1 Bb5 36. Nd6 f4+ 37. Kf2 Bc6 38. hxg5 hxg5 39. Bb2 Rh8 40. Nc4 b5 41.
Nd2 Rh2+ 42. Ke1 c4 43. Ba1 g4 44. Nf1 Rh1 45. Kf2 g3+ 0-1

[Event "Mechanics' Fall TNM; G/2 d5"]
[Site "San Francisco"]
[Date "2017.11.14"]
[Round "4.16"]
[White "Mays, Jerry L"]
[Black "Lum, Michael K"]
[Result "1-0"]
[WhiteElo "1700"]
[BlackElo "1970"]
[Annotator "Donaldson"]
[PlyCount "65"]
[EventDate "2017.??.??"]

1. e4 c6 2. c4 d5 3. exd5 cxd5 (3... Nf6) 4. d4 Nf6 5. Nc3 Nc6 6. cxd5 (6. Bg5)
(6. Nf3) 6... Nxd5 7. Bc4 Nb6 8. Bb5 a6 9. Bxc6+ bxc6 {This position bears
some resemblance to the well-known Alapin Sicilian line 1.e4 c5 2.c3 Nf6 3.e5
Nd5 4.d4 cxd4 5.cxd4 d6 6.Nf3 Nc6 7.Bc4 Nb6 8.Bb5 dxe5 9.Nxe5 Bd7 10.Bxc6 Bxc6
11.Nxc6 bxc6. There two minors pieces have been traded off, here Black has the
two bishops.} 10. Nge2 ({The more natural} 10. Nf3 {would be met by} Bg4 11. h3
Bh5 (11... Bxf3 12. Qxf3 {is similar to the Alapin line.}) 12. Qe2 e6 13. g4
Bg6 14. h4 h6 15. Ne5 Bh7 16. Qf3 (16. Nxc6 Qd6) 16... Qc7 17. Nxf7 Qxf7 18.
Qxc6+ Qd7 19. Qxb6 Bd6 {when Black's strong bishops and White's insecure king
offer excellent compensation for the pawn.}) 10... Bg4 11. f3 Bf5 12. g4 (12.
O-O {is more cautious.}) 12... Bd7 13. Nf4 e6 14. Qe2 Be7 15. O-O O-O 16. Nh5
c5 (16... Nd5 {was a good alternative. The knight later turns out to be be a
bystander on the wrong wing when White launches his kingside attack.}) 17. dxc5
Bxc5+ 18. Kg2 (18. Be3 Qg5) 18... f6 (18... Rc8) 19. Be3 Qe7 20. Rad1 Rfd8 21.
Bxc5 Qxc5 22. Rfe1 Qc4 $2 {The queen is needed for kingside defense.} 23. Qe3
Rab8 (23... Qb4 24. Ne4 Nd5 25. Rxd5 $1 exd5 26. Nexf6+ gxf6 (26... Kh8 27.
Nxd7) 27. Qh6 Qf8 28. Nxf6+ Kf7 29. Qxh7+ Kxf6 30. h4 Qg7 31. g5+ Kf7 32. Re7+
Kxe7 33. Qxg7+ Kd6 34. h5 {and the armada of pawns cannot be stopped.}) 24. Ne4
Rf8 (24... Nd5 25. Rxd5 $1 exd5 26. Nexf6+ Kh8 27. Nxd7) 25. Qf4 (25. b3 {
is not needed.}) 25... Kh8 (25... Qxa2 26. Nexf6+ gxf6 27. Nxf6+ Rxf6 28. Qxb8+
) 26. Qd6 Qxa2 27. Qe7 Rg8 28. Nd6 h6 $4 ({
Black has been putting up a tough defense but here he falters.} 28... Be8 {
had to be played.} 29. Qxe6 Qxe6 30. Rxe6 Bxh5 31. gxh5 h6 32. Kg3 {
White is slightly better, but a draw likely.}) 29. Nf7+ Kh7 {Diagram [#]} 30.
Nxf6+ $1 Kg6 (30... gxf6 31. Ng5+ Kg6 32. Qh7+ Kxg5 33. h4+ Kxh4 (33... Kf4 34.
Re4#) 34. Qxh6#) 31. Ne5+ Kg5 32. Nh7+ (32. Nd5#) 32... Kf4 33. Re4# 1-0

[Event "Mechanics' Summer TNM; G/2 d5"]
[Site "San Francisco"]
[Date "2017.06.20"]
[Round "5.28"]
[White "Mays, Jerry L"]
[Black "Mines, Joshua"]
[Result "1/2-1/2"]
[WhiteElo "1790"]
[BlackElo "1446"]
[PlyCount "103"]
[EventDate "2017.??.??"]

1. e4 c5 2. Nf3 Nc6 3. c4 d6 4. Nc3 e5 5. Be2 Nf6 6. O-O Nd4 7. d3 Nxe2+ 8.
Nxe2 Bg4 9. Ng3 h6 10. h3 Be6 11. Nf5 Bxf5 12. exf5 Qd7 13. Nh4 Be7 14. g4 h5
15. g5 Nh7 16. Qxh5 O-O-O 17. Qxf7 Bxg5 18. Qxd7+ Kxd7 19. Ng6 Rhg8 20. f4 exf4
21. h4 Bf6 22. Rxf4 Nf8 23. h5 Re8 24. Re4 Nxg6 25. hxg6 Re5 26. Rxe5 Bxe5 27.
Be3 b6 28. Rd1 Bxb2 29. d4 cxd4 30. Bxd4 Bxd4+ 31. Rxd4 Rf8 32. Rf4 Kc6 33. Kf2
d5 34. Ke3 a5 35. Kd4 dxc4 36. Kxc4 b5+ 37. Kb3 Kd5 38. f6 gxf6 39. Rf5+ Kc6
40. g7 Rg8 41. Rxf6+ Kc5 42. Rf5+ Kb6 43. Rf6+ Kc5 44. Rf5+ Kc6 45. Rg5 Kb6 46.
Kc3 Kc6 47. Kd4 Rd8+ 48. Ke4 Rg8 49. Kf5 Kc5 50. Kf6+ Kc4 51. Kf7 Rxg7+ 52.
Kxg7 {There were a couple more moves and it was **drawn**.} 1/2-1/2

[Event "Mechanics' Summer TNM; G/2 d5"]
[Site "San Francisco"]
[Date "2017.05.23"]
[Round "1.32"]
[White "Mays, Jerry L"]
[Black "Scalese, Nicole"]
[Result "1-0"]
[WhiteElo "1790"]
[BlackElo "1145"]
[PlyCount "65"]
[EventDate "2017.??.??"]

1. e4 e5 2. Nf3 Nc6 3. Bb5 Bc5 4. O-O Nf6 5. c3 d6 6. d4 exd4 7. cxd4 Bb4 8.
Qa4 O-O 9. Bxc6 a6 10. Qxb4 bxc6 11. Bg5 a5 12. Qa3 Ba6 13. Re1 Qe8 14. Bxf6
Qe6 15. Bh4 Qc4 16. Nbd2 Qb5 17. Qb3 Qh5 18. Qe3 Bc8 19. Qg5 g6 20. Rac1 Be6
21. b3 Bg4 22. Rxc6 a4 23. h3 Bd7 24. Rxc7 f6 25. Qxh5 gxh5 26. Rxd7 axb3 27.
axb3 f5 28. exf5 Rxf5 29. Ree7 Ra1+ 30. Kh2 Rf8 31. Rg7+ Kh8 32. Rxh7+ Kg8 33.
Rdg7# 1-0

[Event "Mechanics' Spring TNM; G/2"]
[Site "San Francisco"]
[Date "2017.04.11"]
[Round "5.27"]
[White "Mays, Jerry L"]
[Black "Simpkins, Jerry"]
[Result "1-0"]
[WhiteElo "1804"]
[BlackElo "1513"]
[PlyCount "57"]
[EventDate "2017.??.??"]

1. e4 e5 2. Nf3 f5 3. d4 fxe4 4. Nxe5 Nf6 5. Bc4 d5 6. Bb3 c6 7. O-O Bd6 8. Bg5
O-O 9. Nd2 Kh8 10. c4 Nbd7 11. cxd5 Bxe5 12. dxe5 Nxe5 13. Nxe4 Bg4 14. Qd4 Qe8
15. Bxf6 gxf6 16. Nxf6 Rxf6 17. f4 Nd7 18. dxc6 bxc6 19. Rae1 Qd8 20. Be6 Bxe6
21. Rxe6 Qb6 22. Qxb6 axb6 23. Re7 Nc5 24. f5 h5 25. a3 Nd3 26. Rd1 Nxb2 27.
Rdd7 Raf8 $4 28. Rh7+ Kg8 29. Rdg7# 1-0

[Event "Mechanics' Peter Grey TNM; G/2 d5"]
[Site "San Francisco"]
[Date "2017.09.05"]
[Round "5.11"]
[White "Mays, Jerry L"]
[Black "Snyder, Larry"]
[Result "0-1"]
[WhiteElo "1741"]
[BlackElo "2074"]
[Annotator "Donaldson"]
[PlyCount "52"]
[EventDate "2017.??.??"]

1. e4 d5 2. exd5 Qxd5 3. Nc3 Qa5 4. d4 Nf6 5. Nf3 c6 6. Bc4 Bf5 7. Bd2 e6 8.
Nd5 Qd8 9. Nxf6+ Qxf6 10. Bc3 Be4 11. d5 $1 Bxf3 12. dxe6 $4 (12. gxf3 Qf4 13.
Qe2 $14) 12... Bxd1 13. exf7+ Qxf7 14. Bxf7+ Kxf7 15. Rxd1 Be7 16. O-O Rd8 17.
Rxd8 Bxd8 18. Rd1 Be7 19. g3 c5 20. Rd5 b6 21. f4 g6 22. g4 Nc6 23. f5 Rd8 24.
fxg6+ hxg6 25. Rxd8 Bxd8 26. Bd2 Nd4 0-1

[Event "Mechanics' Peter Grey TNM; G/2 d5"]
[Site "San Francisco"]
[Date "2017.10.03"]
[Round "9.31"]
[White "Mays, Jerry L"]
[Black "Torres, Julian"]
[Result "1-0"]
[WhiteElo "1741"]
[BlackElo "1311"]
[PlyCount "51"]
[EventDate "2017.??.??"]

1. e4 e6 2. d4 d5 3. Nc3 c5 4. Be3 Qb6 5. Qd2 Nc6 6. Na4 Qb4 7. Qxb4 cxb4 8.
exd5 exd5 9. Bb5 Bd7 10. Nf3 Bd6 11. Nc5 Bf5 12. Nxb7 Kd7 13. Na5 Nge7 14. O-O
a6 15. Ba4 Kc7 16. Nxc6 Nxc6 17. c4 dxc4 18. Bxc6 Kxc6 19. Rac1 Kb5 20. d5 Be4
21. Nd4+ Ka4 22. b3+ cxb3 23. axb3+ Ka5 24. Rc6 Bxh2+ 25. Kxh2 Rac8 26. Ra1#
1-0

[Event "Mechanics' Summer TNM; G/2 d5"]
[Site "San Francisco"]
[Date "2017.06.13"]
[Round "4.20"]
[White "McCarty-Snead, Callaghan"]
[Black "Askin, Michael"]
[Result "1/2-1/2"]
[WhiteElo "1718"]
[BlackElo "2072"]
[PlyCount "33"]
[EventDate "2017.??.??"]

1. e4 c6 2. d4 d5 3. exd5 cxd5 4. Nf3 Nc6 5. Bb5 Bg4 6. Be3 Nf6 7. Nbd2 e6 8.
O-O Bd6 9. h3 Bh5 10. Be2 O-O 11. c4 dxc4 12. Nxc4 Be7 13. Qb3 Qb8 14. Rad1 Nb4
15. a3 Nbd5 16. Rc1 Rc8 17. Na5 1/2-1/2

[Event "Mechanics' Summer TNM; G/2 d5"]
[Site "San Francisco"]
[Date "2017.05.23"]
[Round "1.40"]
[White "McCarty-Snead, Callaghan"]
[Black "Cowgill, Jackie"]
[Result "1-0"]
[WhiteElo "1718"]
[BlackElo "946"]
[PlyCount "41"]
[EventDate "2017.??.??"]

1. e4 e5 2. Nf3 Nc6 3. Bb5 a6 4. Ba4 Nf6 5. d3 b5 6. Bb3 Be7 7. O-O O-O 8. Bg5
Na5 9. Nxe5 Nxb3 10. axb3 Bb7 11. Nf3 d6 12. Nc3 Re8 13. Re1 Qd7 14. Ne2 c5 15.
c3 Nxe4 16. Bxe7 Qxe7 17. dxe4 Bxe4 18. Ng3 Qb7 19. Rxe4 Rxe4 20. Nxe4 Qxe4 21.
Qxd6 1-0

[Event "Mechanics' Winter TNM; G/2"]
[Site "San Francisco"]
[Date "2017.01.31"]
[Round "5.18"]
[White "McCarty-Snead, Callaghan"]
[Black "Delgado, David"]
[Result "1/2-1/2"]
[WhiteElo "1721"]
[BlackElo "1603"]
[PlyCount "87"]
[EventDate "2017.??.??"]

1. e4 c5 2. Nf3 d6 3. d4 cxd4 4. Nxd4 Nf6 5. Nc3 g6 6. Bc4 Bg7 7. Be3 Nc6 8. f3
O-O 9. O-O Bd7 10. Bb3 a6 11. a4 Rc8 12. Nce2 Ne5 13. c3 Nc4 14. Bxc4 Rxc4 15.
Qb3 Qc8 16. Qd1 Qd8 17. b3 Rc8 18. Qd2 h5 19. Bh6 Qb6 20. Be3 Qc7 21. Rac1 Kh7
22. c4 Bc6 23. Nc3 Qa5 24. Qd3 Nd7 25. Qb1 Qb6 26. Nf5 Qd8 27. Nxg7 Kxg7 28.
Qb2 f6 29. b4 Ne5 30. Qe2 Be8 31. Nd5 Nd7 32. a5 Bf7 33. Qd2 Rh8 34. Nb6 Nxb6
35. Bxb6 Qd7 36. c5 d5 37. Rfd1 e6 38. exd5 exd5 39. Re1 Rhe8 40. Rxe8 Rxe8 41.
Re1 Rxe1+ 42. Qxe1 d4 43. Qd2 Bc4 44. c6 1/2-1/2

[Event "Mechanics' Winter TNM; G/2"]
[Site "San Francisco"]
[Date "2017.01.24"]
[Round "4.24"]
[White "McCarty-Snead, Callaghan"]
[Black "Enkh, Tergelsar"]
[Result "1-0"]
[WhiteElo "1721"]
[BlackElo "1466"]
[PlyCount "57"]
[EventDate "2017.??.??"]

1. e4 e5 2. Nf3 Nc6 3. Bc4 Nf6 4. d3 h6 5. O-O Bc5 6. c3 O-O 7. d4 exd4 8. cxd4
Bb6 9. e5 Ne8 10. d5 Na5 11. Bd3 d6 12. b4 Bg4 13. Bb2 Nc4 14. Bxc4 dxe5 15.
Nbd2 Nd6 16. Bxe5 Re8 17. Bxd6 Qxd6 18. h3 Bh5 19. Bb3 Rad8 20. Nc4 Qf6 21.
Nxb6 axb6 22. Qd4 Bxf3 23. Qxf6 gxf6 24. gxf3 Re2 25. Rfe1 Re5 26. Rxe5 fxe5
27. Re1 f6 28. d6+ Kg7 29. dxc7 1-0

[Event "Mechanics' Summer TNM; G/2 d5"]
[Site "San Francisco"]
[Date "2017.06.27"]
[Round "6.15"]
[White "McCarty-Snead, Callaghan"]
[Black "Riese, Kayven"]
[Result "0-1"]
[WhiteElo "1718"]
[BlackElo "1938"]
[Annotator "Winslow"]
[PlyCount "136"]
[EventDate "2017.??.??"]

1. e4 e6 2. d4 d5 3. e5 c5 4. c3 Nc6 5. Nf3 Qb6 6. a3 Nh6 7. b4 cxd4 8. cxd4
Nf5 9. Bb2 Bd7 (9... a5 $5 10. b5 a4) 10. Be2 (10. g4 $5) 10... Rc8 (10... Be7
$5 {and}) (10... h5 $5 {both score more than a bit better.}) 11. O-O Na5 (11...
h5 $5 {still}) 12. Bc3 $2 (12. Nbd2) (12. Nc3 $5 Nc4 13. Bxc4 Rxc4 14. Na4 Qb5
15. Nc5) 12... Nc4 13. Bd3 Be7 (13... g6 14. Bc2 Bh6 15. Bxf5 gxf5 16. Nbd2 Ne3
17. Qb3 Nxf1 18. Nxf1 Bf4 19. Ng3 Bxg3 20. hxg3 Qd8 21. Bd2 Rg8 22. Qe3 Rg6 23.
Nh4 Rg4 24. Qh6 Qe7 25. Qxh7 Rxd4 26. Be3 Re4 27. Bc5 Rxc5 28. bxc5 Qxc5 29.
Qh8+ Qf8 30. Qf6 Ra4 31. Nf3 Rxa3 32. Rb1 Bc6 33. Ng5 Qe7 34. Qh8+ Kd7 35. Qg8
Qe8 36. Qg7 Qe7 37. Qg8 f6 38. Nh7 fxe5 39. Nf8+ Kd6 40. f4 exf4 41. gxf4 Re3
42. Qh8 Qe8 43. Qf6 Re4 44. Ng6 a5 45. g3 a4 46. Nh4 Kc7 47. Nf3 Qd8 48. Qc3
Qd6 49. Qg7+ Kb8 50. Rc1 Rc4 51. Rd1 Qc5+ 52. Nd4 a3 53. Kh1 Rc1 54. Nxc6+ bxc6
55. Qe5+ Kb7 56. Qg7+ Ka6 57. Qc7 Rxd1+ {0-1 (57) Ar,F-Otles,O Kemer 2012}) 14.
Bxf5 exf5 15. Nfd2 Qg6 16. Nxc4 Rxc4 17. Qf3 O-O 18. Nd2 Rc7 19. Rac1 Rfc8 20.
Bb2 Bg5 21. Qd3 Qh6 22. Rxc7 Rxc7 23. Nf3 Bd8 24. Qb1 a6 25. Rc1 Rc4 26. Rc2 f4
27. Qc1 b5 28. Nd2 Bg5 29. Nxc4 dxc4 30. f3 Bc6 31. Bc3 Bd8 32. Bd2 g5 33. Be1
Bd5 34. Bc3 Qe6 35. Qd1 Bb6 36. Kf1 h5 37. Qe2 Qf5 38. Rc1 g4 39. fxg4 hxg4 40.
Qf2 Bd8 41. Bd2 Bg5 42. Kg1 f6 43. exf6 Qxf6 44. g3 fxg3 45. Qxf6 Bxf6 46. Be3
g2 47. Rc2 Kf7 48. Rf2 Bf3 49. Ra2 Ke6 50. a4 Be7 51. axb5 axb5 52. Ra5 Bc6 53.
Bd2 Bh4 54. Ra3 Kd5 55. Bc3 Bf6 56. Ra6 Bh4 57. Kxg2 Kd6+ 58. Kf1 Bg5 59. Kf2
Bf4 60. Kg1 Kd5 61. Ra1 Ke4 62. Rd1 Bd5 63. Be1 Be3+ 64. Bf2 Bxf2+ 65. Kxf2 c3
66. Ra1 Kxd4 67. Rd1+ Kc4 68. Ke3 c2 (68... c2 69. Rc1 Kc3 70. Ke2 Bf3+ 71. Ke3
Bd1) 0-1

[Event "Mechanics' Winter TNM; G/2"]
[Site "San Francisco"]
[Date "2017.01.17"]
[Round "3.37"]
[White "McCarty-Snead, Fianna"]
[Black "Donaldson, Kyle"]
[Result "1-0"]
[WhiteElo "837"]
[BlackElo "1443"]
[PlyCount "37"]
[EventDate "2017.??.??"]

1. e4 d5 2. exd5 Nf6 3. Nc3 Nxd5 4. Nxd5 Qxd5 5. Nf3 e5 6. d4 e4 7. Ng5 Be7 8.
Qd2 h6 9. Nh3 Bxh3 10. gxh3 O-O 11. Rg1 Qh5 12. Qc3 f5 13. Qb3+ Kh8 14. Qxb7
Nd7 15. Qxc7 Qe8 16. Bb5 Rd8 17. Bxd7 Rxd7 18. Qe5 Qh5 19. Qxg7# 1-0

[Event "Mechanics' Summer TNM; G/2 d5"]
[Site "San Francisco"]
[Date "2017.06.06"]
[Round "3.46"]
[White "McCarty-Snead, Fianna"]
[Black "Hilliard, Michael"]
[Result "1/2-1/2"]
[WhiteElo "976"]
[BlackElo "1420"]
[Annotator "Donaldson"]
[PlyCount "82"]
[EventDate "2017.??.??"]

1. e4 c6 2. Nf3 d5 3. exd5 cxd5 4. d4 Nf6 5. Nc3 (5. Bd3) 5... e6 (5... Bf5) 6.
Bg5 Nbd7 7. Bb5 a6 8. Bd3 Bd6 9. O-O O-O 10. Re1 Qc7 11. Ne2 Ng4 12. b3 Nxh2
13. Nxh2 Bxh2+ 14. Kf1 h6 15. Be3 Bd6 16. c4 b6 17. Qc2 Nf6 18. Qd2 Ng4 19. Bf4
f5 20. Rac1 Qe7 21. cxd5 exd5 22. Rc6 Rf6 23. Kg1 b5 24. Bxd6 Rxd6 25. Rc5 Qh4
26. Qf4 Qf6 27. Rec1 Qe6 28. Bxf5 Qxf5 29. Qxd6 Be6 30. Qf4 Qh5 31. Qg3 Rf8 32.
Nf4 Qf5 33. f3 Qxf4 34. Qxf4 Rxf4 35. fxg4 Rxg4 36. Re1 Rg6 37. Rc6 Kf7 38.
Rxa6 Ke7 39. Ra7+ Kd6 40. Ra6+ Kd7 41. Re5 b4 1/2-1/2

[Event "Mechanics' Summer TNM; G/2 d5"]
[Site "San Francisco"]
[Date "2017.05.23"]
[Round "1.39"]
[White "McCarty-Snead, Fianna"]
[Black "Melville, Cailen"]
[Result "0-1"]
[WhiteElo "976"]
[BlackElo "1727"]
[PlyCount "36"]
[EventDate "2017.??.??"]

1. e4 e6 2. d4 d5 3. e5 c5 4. Nf3 cxd4 5. Nxd4 Ne7 6. Bg5 Qb6 7. Bb5+ Bd7 8.
Bxd7+ Nxd7 9. O-O Qxb2 10. Nb3 Rc8 11. Bc1 Qxc2 12. Qxc2 Rxc2 13. Be3 Nc6 14.
Na3 $2 Bxa3 15. Rab1 Ndxe5 16. Na5 $2 Nxa5 17. Rb5 Nec6 18. Bc5 Rxc5 0-1

[Event "Mechanics' Summer TNM; G/2 d5"]
[Site "San Francisco"]
[Date "2017.06.27"]
[Round "6.44"]
[White "McCarty-Snead, Fianna"]
[Black "Revi, Frank"]
[Result "0-1"]
[WhiteElo "976"]
[BlackElo "1354"]
[PlyCount "56"]
[EventDate "2017.??.??"]

1. e4 c5 2. Nf3 Nc6 3. c3 d6 4. d4 cxd4 5. cxd4 h6 6. Bb5 Qc7 7. d5 a6 8. Ba4
b5 9. Bb3 Nd8 10. Be3 e6 11. O-O Nf6 12. Nc3 b4 13. Ne2 Nxe4 14. Rc1 Qb7 15.
Ba4+ Bd7 16. Bxd7+ Qxd7 17. Qd4 Nf6 18. dxe6 Nxe6 19. Qxb4 d5 20. Qb6 Bd6 21.
Rc6 Bc7 22. Qb7 O-O 23. Bb6 Rfc8 24. Bxc7 Nxc7 25. Rfc1 Nfe8 26. b4 Rab8 27.
Ne5 Qe7 28. Qa7 Qxe5 0-1